Logics in Artificial Intelligence : 14th European Conference, JELIA 2014, Funchal, Madeira, Portugal, September 24-26, 2014 : Proceedings /
Selección de las ponencias presentadas en la décima cuarta Conferencia Europea sobre Lógica en Inteligencia Artificial, celebrada en Funchal, Portugal, en septiembre de 2014. Los artículos incluídos dan cuenta de diversas líneas temáticas de investigación, entre las que se encuentra el razonamiento...
Saved in:
| Corporate Author: | |
|---|---|
| Other Authors: | , |
| Format: | Conference Proceeding Book |
| Language: | English |
| Published: |
Cham, Suiza :
Springer,
2014, c2014
|
| Series: | (Lecture Notes in Computer Science ; Lecture Notes in Artificial Intelligence)
8761. |
| Subjects: | |
| Online Access: | Ver documento en línea |
| Tags: |
No Tags, Be the first to tag this record!
|
MARC
| LEADER | 00000nam^a2200000^a^4500 | ||
|---|---|---|---|
| 001 | 000564074 | ||
| 005 | 20251023000000.0 | ||
| 009 | 20260310132018.726 | ||
| 020 | |a 978-3-319-11558-0 | ||
| 037 | |a Acervo ITESO - Biblioteca | ||
| 041 | |a ING | ||
| 082 | |a Libro en línea | ||
| 111 | |a European Conference on Logics in Artificial Intelligence ( |n 14a : |d 2014 : |c Funchal, Portugal) | ||
| 245 | 1 | 0 | |a Logics in Artificial Intelligence : |b 14th European Conference, JELIA 2014, Funchal, Madeira, Portugal, September 24-26, 2014 : Proceedings / |c Ed. de E. Fermé, J. Leite. |
| 264 | 4 | |a Cham, Suiza : |b Springer, |c 2014, c2014 | |
| 264 | 2 | |a Cham, Suiza : |b Springer Link [distribución], |c 2014 | |
| 300 | |a 1 libro electrónico en línea (XVI, 704 p.) | ||
| 300 | |a 1 recurso en línea | ||
| 336 | |a datos para computadora |b cod |2 rdacontenido | ||
| 337 | |a computadora |b c |2 rdamedio | ||
| 338 | |a recurso en línea |b cr |2 rdasoporte | ||
| 440 | 1 | |a (Lecture Notes in Computer Science ; |v 8761. |p Lecture Notes in Artificial Intelligence) | |
| 506 | 0 | |a Licencias ilimitadas | |
| 520 | |a Selección de las ponencias presentadas en la décima cuarta Conferencia Europea sobre Lógica en Inteligencia Artificial, celebrada en Funchal, Portugal, en septiembre de 2014. Los artículos incluídos dan cuenta de diversas líneas temáticas de investigación, entre las que se encuentra el razonamiento automatizado, lógicas para el razonamiento incierto, programación de conjunto de respuestas, descripciones del sistema, así como razonamiento sobre acciones y causalidad, entre otras. | ||
| 649 | |a XX | ||
| 650 | |a Agentes Inteligentes (Software) | ||
| 650 | |a Aprendizaje Automático (Inteligencia Artificial) | ||
| 650 | |a Reconocimiento de Patrones | ||
| 650 | |a Sistemas Expertos | ||
| 650 | |a Inteligencia Artificial - |x Congresos - |x Tema Principal | ||
| 650 | |a Ingeniería Computacional | ||
| 650 | |a Autómatas Matemáticos - |x Teoría | ||
| 650 | |a Modelos Matemáticos | ||
| 650 | |a Lógica Matemática - |x Tema Principal | ||
| 650 | |a Matemáticas | ||
| 700 | |a Fermé, Eduardo |e (edición) | ||
| 700 | |a Leite, João |e (edición) | ||
| 856 | 4 | 0 | |u https://link-springer-com.ezproxy.iteso.mx/10.1007/978-3-319-11558-0 |y Ver documento en línea |
| 910 | |a Fondo General | ||
| 920 | |a Electrónicos - Libros en Línea | ||
| 930 | |a Plataforma Digital | ||
| 905 | |a 205 | ||
| 901 | |a 564074-1 |b IT2 |c EBO |i C |u 20250521 | ||
| 902 | |a https://opac.biblio.iteso.mx/vufind/Record/000564074 | ||